000 00307nam a2200133Ia 4500
008 240109s9999 xx 000 0 und d
041 _aeng
082 _a330
100 _aHenson Robert
245 _aClimate Changed
260 _bPenguin Books India Pvt Ltd
300 _a341
650 _aManagement
999 _c1033333
_d1033333